البقرة الطيبة / (رقم التسجيلة. 133285)

تفاصيل مارك
000 -LEADER
fixed length control field 00568nam a22001937a 4500
005 - DATE AND TIME OF LATEST TRANSACTION
control field 20251108175412.0
008 - FIXED-LENGTH DATA ELEMENTS--GENERAL INFORMATION
fixed length control field 250721s9999 xx 000 0 ara d
082 14 - DEWEY DECIMAL CLASSIFICATION NUMBER
Classification number ط/ق/توف
100 1# - MAIN ENTRY--PERSONAL NAME
Personal name توفيق، صابر
245 10 - TITLE STATEMENT
Title البقرة الطيبة /
264 1# - PRODUCTION, PUBLICATION, DISTRIBUTION, MANUFACTURE, AND COPYRIGHT NOTICE
Place of production, publication, distribution, manufacture القاهرة :
Name of producer, publisher, distributor, manufacturer دار روان للنشر،
300 ## - PHYSICAL DESCRIPTION
Extent 8ص.
490 0# - SERIES STATEMENT
Series statement حكايات جدتي
650 17 - SUBJECT ADDED ENTRY--TOPICAL TERM
Topical term or geographic name as entry element ادب الاطفال
650 17 - SUBJECT ADDED ENTRY--TOPICAL TERM
Topical term or geographic name as entry element القصص العر بية
653 ## - INDEX TERM--UNCONTROLLED
Uncontrolled term مرحلة اطفال متوسطة (6-9)سنوات
942 ## - ADDED ENTRY ELEMENTS (KOHA)
Source of classification or shelving scheme Dewey Decimal Classification
Koha item type كتب
المقتنيات
حالة السحب حالة الفقدان مصدر التصنيف حالة التلف غير قابل للإعارة المكتبة الرئيسية المكتبة الحالية موقع الرف تاريخ التزويد الرقم المتسلسل Total Checkouts رقم الإستدعاء الباركود تاريخ آخر ظهور تاريخ الفاتورة نوع المادة (كوها)
    Dewey Decimal Classification     المكتبة المركزية المكتبة المركزية الأطفال 28/07/2025 1614681   ط/ق/توف PLD00356496 28/07/2025 28/07/2025 كتب
    Dewey Decimal Classification     مكتبة قتيبة للأطفال مكتبة قتيبة للأطفال الأطفال 25/04/2016 1614691   ط/ق/توف PLD00388081 28/07/2025 25/04/2016 كتب
    Dewey Decimal Classification     مكتبة البراءة للأطفال مكتبة البراءة للأطفال الأطفال 25/04/2016 1614751   ط/ق/توف PLD00388089 28/07/2025 25/04/2016 كتب
    Dewey Decimal Classification     مكتبة البيادر مكتبة البيادر الأطفال 25/04/2016 1614701   ط/ق/توف PLD00388083 28/07/2025 25/04/2016 كتب
    Dewey Decimal Classification     مكتبة الياسمين للأطفال مكتبة الياسمين للأطفال الأطفال 25/04/2016 1614741   ط/ق/توف PLD00388088 28/07/2025 25/04/2016 كتب
    Dewey Decimal Classification     مكتبة بدر الجديدة للأطفال مكتبة بدر الجديدة للأطفال الأطفال 25/04/2016 1614721   ط/ق/توف PLD00388086 28/07/2025 25/04/2016 كتب
    Dewey Decimal Classification     مكتبة بدر للأطفال مكتبة بدر للأطفال الأطفال 25/04/2016 1614711   ط/ق/توف PLD00388084 28/07/2025 25/04/2016 كتب
    Dewey Decimal Classification     مكتبةمؤتة مكتبةمؤتة الأطفال 25/04/2016 1614731   ط/ق/توف PLD00388087 28/07/2025 25/04/2016 كتب
Implemented & Customized by: BBB with SCIT (Smart Chains for Information Technology)

Powered by Koha